00538nam a2200157Ia 4500008004100000020001800041082001900059100004700078245006400125250001600189260002500205300001000230942001200240999001900252952010900271210430s9999 xx 000 0 und d a9788177581706 a670.42 K 141 M aSteven R.Schmid, Serope Kalpakjian9127770 aManufacturing Engineering and Technology /cSteven R.Schmid a4th edition aIndiabPearsonc2001 a1168p cBK2ddc c564801d564801 001040708NFICaSCMEbSCMEcGENd2010-05-11l0o670.42 K 141 MpSCME-4022r2021-04-30w2021-04-30yREF